| 000 | 00378nam a2200145 a 4500 | ||
|---|---|---|---|
| 005 | 20140414093842.0 | ||
| 008 | 081125s19uu xx 00 eng d | ||
| 050 |
_aVCD 642 _bT22 |
||
| 100 | _aTechnical Vocational | ||
| 245 |
_aEquipment / _cTechnical Vocational. |
||
| 260 |
_aQuezon City : _bFelta. |
||
| 650 |
_aFood service _xEquipment. |
||
| 942 | _cAVM | ||
| 999 |
_c109338 _d109338 |
||